logo

Bir Sreshtho Munshi Abdur Rouf Library
Jhenaidah Cadet College

50 success classics : (Record no. 7708)

MARC details
000 -LEADER
fixed length control field 00779cam a22002534a 4500
001 - CONTROL NUMBER
JCCL Control Number 7708
003 - CONTROL NUMBER IDENTIFIER
JCCL marc code BD-JhCC
005 - DATE AND TIME OF LATEST TRANSACTION
control field 20180213115122.0
008 - FIXED-LENGTH DATA ELEMENTS--GENERAL INFORMATION
fixed length control field 031030s2004 enk b 000 0 eng
020 ## - INTERNATIONAL STANDARD BOOK NUMBER
International Standard Book Number 1857883330 (alk. paper)
035 ## - SYSTEM CONTROL NUMBER
system control number (BD-JhCC)7708
040 ## - CATALOGING SOURCE
Original cataloging agency DLC
Transcribing agency DLC
Modifying agency DLC
-- BD-JhCC
041 ## - LANGUAGE CODE
Language code of Book eng
050 00 - LIBRARY OF CONGRESS CALL NUMBER
Classification number Z7164.S92
Item number B88 2004
Classification number BJ1611.2
082 00 - DEWEY DECIMAL CLASSIFICATION NUMBER
Classification number 016.158
DDC Edition number 22
Author mark and Year BUT 2004
100 1# - MAIN ENTRY--PERSONAL NAME
Personal name Butler-Bowdon, Tom,
Dates associated with a name 1967-
245 10 - TITLE STATEMENT
Title 50 success classics :
Remainder of title winning wisdom for work and life from 50 landmark books /
Statement of responsibility, etc Tom Butler-Bowdon.
246 3# - VARYING FORM OF TITLE
Title proper/short title Fifty success classics
260 ## - PUBLICATION, DISTRIBUTION, ETC. (IMPRINT)
Place of publication, distribution, etc London ;
-- Yarmouth, Me. :
Name of publisher, distributor, etc Nicholas Brealey Pub.,
Date of publication, distribution, etc 2004.
300 ## - PHYSICAL DESCRIPTION
Pagination vi, 315 p. ;
Dimensions 24 cm.
650 #0 - SUBJECT ADDED ENTRY--TOPICAL TERM
Topical term or geographic name as entry element Success
Form subdivision Bibliography.
942 ## - ADDED ENTRY ELEMENTS (KOHA)
Source of classification or shelving scheme Dewey Decimal Classification
Koha item type Books
Holdings
Source of classification or shelving scheme Damaged status Not for loan Home library Current library Shelving location Date of accession Total Checkouts Full call number Barcode Date last seen Date checked out Copy number Koha item type
Dewey Decimal Classification     JCC Rouf Library JCC Rouf Library General Stacks 01/15/2024 4 016.158 BUT 2004 905 08/26/2025 07/16/2025 C -1 Books

JCC Library | Contacts | JCC Home

Last Update on 23 September 2017
Copyright @ 2017-2020 JCC Rouf Library
Rouf Library, Jhenidah Cadet College (JCC), Bangladesh